000 00555nam a22002057a 4500
003 OSt
005 20190417143930.0
008 190417b xxu||||| |||| 00| 0 eng d
020 _a0132371197
040 _cDDC
082 _a658 TAY 2007
100 _aTaylor lll,Bernard W;
_912769
245 _aIntroduction to Management science.
250 _a9ih ed
260 _aCanada,
_bPearson Prentice Hall.
_c2007.
300 _axviii,741p;
_bill,
_c25cm.
504 _aglossary and index are included.
650 _aManagement .
_9364
942 _2ddc
_cO_SHELF
999 _c6198
_d6198